000 00426nam a2200133 4500
008 151012b xxu||||| |||| 00| 0 eng d
050 _aSPE PS 3562.I5123L56 1987
100 _aLindsey, Johanna.
_d1987
245 _aSecret Fire:
_cLindsey, Johanna.
260 _aNew York:
_bAvon books,
_c1987.
300 _a278 p.
650 _aFiction.
942 _2lcc
_cSH_L_BOOKS
_hSPE PS 3562.I5123L56 1987
999 _c8491
_d8491